Seamless transition (Record no. 78228)

MARC details
000 -LEADER
fixed length control field 00824cab a2200205 4500
001 - CONTROL NUMBER
control field L136281
008 - FIXED-LENGTH DATA ELEMENTS--GENERAL INFORMATION
fixed length control field 070123n2007 000 0 eng u
035 ## - SYSTEM CONTROL NUMBER
System control number (Sirsi) u136281
041 0# - LANGUAGE CODE
Language code of text/sound track or separate title eng
100 1# - MAIN ENTRY--PERSONAL NAME
Personal name Kelly, Ruth
245 00 - TITLE STATEMENT
Title Seamless transition
260 ## - PUBLICATION, DISTRIBUTION, ETC.
Date of publication, distribution, etc. 2007
490 00 - SERIES STATEMENT
Series statement Inside Housing
Volume/sequential designation 19 January 2007, 18-19(2)
520 ## - SUMMARY, ETC.
Summary, etc. Explains UK government ambitions for the newly created super agency Communities England, a national housing and regeneration agency which aims to bring together the resources and expertise of the Housing Corporation, English Partnerships, and key delivery functions from the Department for Communities and Local Government.
590 ## - LOCAL NOTE (RLIN)
Local note KA
650 24 - SUBJECT ADDED ENTRY--TOPICAL TERM
Topical term or geographic name entry element Communities England
651 #4 - SUBJECT ADDED ENTRY--GEOGRAPHIC NAME
Geographic name England
Chronological subdivision 886-
690 ## - LOCAL SUBJECT ADDED ENTRY--TOPICAL TERM (OCLC, RLIN)
Topical term or geographic name as entry element PROPERTY-PROPERTY MANAGEMENT-REGENERATION
942 ## - ADDED ENTRY ELEMENTS (KOHA)
Suppress in OPAC 0
Holdings
Withdrawn status Lost status Source of classification or shelving scheme Damaged status Not for loan Home library Current library Shelving location Date acquired Total Checkouts Full call number Barcode Date last seen Copy number Price effective from Koha item type
    Dewey Decimal Classification     London London Journal article 23/01/2007   L136281 136281-1001 06/08/2019 1 06/08/2019 Journal article